| 000 | 00536nam a2200181 i 4500 | ||
|---|---|---|---|
| 001 | bgj | ||
| 100 | 1 | _aREUTER, Fritz. | |
| 245 | 1 | 0 |
_aSämmtliche Werke von Fritz Reuter : _bVolks-Ausgabe in 7 Bänden. _cFritz Reuter. _n6. Band / |
| 250 | _a3. Aufl. | ||
| 260 |
_aWismar ; _aRostock ; _aLudwigslust : _bHinstorss'schen Hosbuchhandlung, _c1878. |
||
| 300 |
_a396 s. ; _b18 cm.9 |
||
| 650 | _aPowieść niemiecka | ||
| 040 | _cBPK | ||
| 041 | 0 | _ager | |
| 044 | _aDEU | ||
| 942 | _cKS | ||
| 008 | s gw f |000 0 ger | ||
| 999 |
_c49442 _d49442 |
||